00565nam a2200193 a 4500001001000000003000900010005001700019007001000036008003400046020001800080040002200098082002800120100003500148245005100183260004400234300002100278650003600299650003600335000002292DO-SdBNP20240419125548.0000002292090701s2008 dr a 000 0 spa d a9789945427462 aBPMSUbspacBPMSU 4aRD863.5bG633s 20082221 aBrígida Gómez, Ana,d1978-13aLa sirenita de coral /cAna Brígida Gómez. aSanto Domingo :bEditora Búho,c2008. a131 p. ;c21 cm. 4aCuentos infantiles dominicanos  4aLiteratura infantil dominicana